000 00902nam a2200253 i 4500
001 bg
003 KOSZ 005
005 20200513075642.0
008 071116s1968 pl f 000 0 pol
015 _aPB 1968/8966
040 _aWA N
_cKOSZ 005/RW
_dKOSZ 005/RW
080 _a519.66
100 1 _aPiątkowski, Felicjan
_d(1908-2004).
245 1 0 _aTablice logarytmiczne pięciocyfrowe (360⁰) /
_cFelicjan Piątkowski.
250 _aWyd. 3.
260 _aWarszawa :
_bPaństwowe Przedsiębiorstwo Wydawnictw Kartograficznych,
_c1968.
300 _aXVII, [1], 182 s. ;
_c25 cm.
380 _aKsiążki
655 4 _aTablice i wzory
650 4 _aLogarytmy
710 2 _aPaństwowe Przedsiębiorstwo Wydawnictw Kartograficznych
_4pbl.
856 _uhttp://koha.tu.koszalin.pl/cgi-bin/koha/opac-detail.pl?biblionumber=11291
_yKatalog online BPK
942 _2UKD
_cKS
999 _c11291
_d11291